000 00622nam a2200205Ia 4500
003 GCL
008 140319s9999 xx 000 0 ara d
040 _aGCL /
_cGCL
082 0 4 _a301.241
_bى ت
100 1 _aيحيى الجمل
245 1 0 _aتطور المجتمع الدولى /
_cيحيى الجمل
300 _a105 ص
490 _aالمكتبة الثقافية
_v0
650 0 4 _aالثقافة
650 0 4 _aالانثربولوجيا
650 0 4 _aالتطور الاجتماعى
650 0 4 _aالاجتماع، علم
650 0 4 _aالانثربولوجيا الاجتماعية
942 _2ddc
_cBK
999 _c41016
_d41016